000 00674nam a22002297a 4500
003 UA-OsUOA
001 111169
007 ta
008 20150428b un ||||| |||| 00| 0 ukr d
090 _a82.0(4)
_bН17
942 _cBK
040 _aUA-OsUOA
_bukr
_cUA-OsUOA
_dUA-OsUOA
245 _aНадлітературність: сучасна західна теорія
_bзбірник
_cза ред. О. Собчука
300 _a130 с.
955 _a1
041 _aukr
080 _a82.0(4)
020 _a978-617-646-080-0
260 _aК.
_bНаУКМА
_c2012
650 7 _a82 Література. Літературознавство
_2UDC
999 _c397242
_d397242